Statistiques concernant Les animaux du cinéma et de la BD

Cliquez ici pour prendre le quiz!

Statistiques générales

  • Ce quiz a été pris 2 124 fois
    (2 114 depuis la dernière actualisation)
  • Le résultat moyen est 17 sur 21

Statistiques - réponses

NomAnimal% Correct
DonaldCanard
100%
BeethovenChien
99%
DumboElephant
99%
Bugs BunnyLapin
99%
NemoPoisson
99%
MickeySouris
99%
FélixChat
98%
BalooOurs
98%
Croc-BlancLoup
94%
BagheeraPanthère
94%
FlipperDauphin
89%
KaaSerpent
89%
BambiFaon
88%
Moby DickBaleine
86%
MargueriteVache
82%
TornadoCheval
77%
SébastienCrabe
53%
ClarenceLion
50%
ArchimèdeHibou
45%
EvinrudeLibellule
26%
LouisCrocodile
19%

Distribution des résultats

Percentile par nombre de réponses

% des personnes avec chaque résultat

Votre développement - résultats

Vous n’avez pas pris ce quiz depuis la dernière actualisation